01537nam a2200193 a 450000100100000000500170001000800410002702000180006804000250008611000560011124500730016724600470024026000700028730000270035750000250038450508110040995201060122099900170132600003840220210420113209.0130412s2010 xxuacd 000 0 spa d a9789280644760 aDO-SdBNPbspacBNPHU aFondo de las Naciones Unidas para la Infancia9927013aLa infancia y el SIDA :bquinto inventario de la situación, 2010/.10aQuinto inventario de la situación, 2010. aNew York :bFondo de las Naciones Unidas para la Infancia,c2010. a48 p. :bil. ;c30 cm. aTexto a dos columnas0 tIntroducción --tPrevención de la transmisión de madre a hijo --tTratamiento y atención pediátrica --tPrevenir la infección entre los adolescentes y los jóvenes --tProtección, atención y apoyo para los niños y niñas afectados por el VIH y el SIDA --tSupervisión y evaluación de programas --tInversión : lo que necesitan las mujeres y la infancia --tLlamamiento a la acción --tReferencias --tAnexo : notas sobre los datos --tObjetivo 1. Prevenir la transmisión de madre a hijo en los países de bajos y mediados ingresos --tObjetivo 2. Tratamiento pediátrico en los países de bajos y medianos ingresos --tObjetivo 3. Prevenir la infección entre los adolescentes y los jóvenes--tObjetivo 4. Proteges y ayudara los niños afectados por el VIH y el SIDA -- 0010507-18MOaPDbPDcOId2013-04-10iLF1l0o p38402-10r2020-06-25w2020-06-25y1ZNo se presta c37892d37892